Calculo y administración de medicamentos / (Registro nro. 21799)

Detalles MARC
000 -LEADER
fixed length control field 03111nam a22002657a 4500
001 - CONTROL NUMBER
control field 021613
003 - CONTROL NUMBER IDENTIFIER
control field DO-CoUTE
005 - DATE AND TIME OF LATEST TRANSACTION
control field 20260204212649.0
008 - FIXED-LENGTH DATA ELEMENTS--GENERAL INFORMATION
fixed length control field 220801b dr ||||| |||| 00| 0 spa d
020 ## - INTERNATIONAL STANDARD BOOK NUMBER
International Standard Book Number 978-1-4963-0837-5
040 ## - CATALOGING SOURCE
Original cataloging agency DO-CoUTE
Language of cataloging spa
Transcribing agency DO-CoUTE
082 ## - DEWEY DECIMAL CLASSIFICATION NUMBER
Edition number 22
Classification number 615.6 H341c
Item number 2018
100 1# - MAIN ENTRY--PERSONAL NAME
Personal name Harvey, Margaret
Relator term editpor clinico
245 1# - TITLE STATEMENT
Title Calculo y administración de medicamentos /
Statement of responsibility, etc. Margaret Harvey ; Gustavo Mezzano
250 ## - EDITION STATEMENT
Edition statement quinta edición
260 ## - PUBLICATION, DISTRIBUTION, ETC.
Place of publication, distribution, etc. Barcelona, España :
Name of publisher, distributor, etc. Wolters Kluwer,
Date of publication, distribution, etc. 2018
300 ## - PHYSICAL DESCRIPTION
Extent 378 páginas
440 ## - SERIES STATEMENT/ADDED ENTRY--TITLE
Title Colección lippincott
Name of part/section of a work Enfermería
504 ## - BIBLIOGRAPHY, ETC. NOTE
Bibliography, etc. note Incluye referencias bibliográficas e índice
505 ## - FORMATTED CONTENTS NOTE
Formatted contents note Matemáticas básicas 1 -- sistemas de medidas 81 - registro de administración de fármacos 119 -- fármacos orales, tópicos y rectales 169 -- administración parenteral 209 -- cálculos especiales 281
520 ## - SUMMARY, ETC.
Summary, etc. Cálculo y administración de medicamentos forma parte de la serie Colección Lippincott Enfermería. Un enfoque práctico y conciso, caracterizada por presentar de forma divertida, atractiva y visual, temas alta complejidad en la enseñanza de enfermería. El título presente constituye una guía exhaustiva e ideal para el aprendizaje y la práctica en el complejo ámbito del cálculo de dosificaciones. De forma ordenada, esquematizada, ampliamente ilustrada y a todo color, ofrece recursos para el cálculo y la preparación segura de todas las formas farmacéuticas y vías de administración, con numerosos ejercicios prácticos. Dividido en seis partes, las tres primeras cubren matemática básica, sistemas métricos, cuestiones legales y documentación, empleo de abreviaturas, y prevención de errores y seguridad del paciente. Las tres restantes se centran en las diferentes vías de administración (oral, rectal, tópica y parenteral), e incluye también un capítulo con consideraciones especiales para pacientes pediátricos, obstétricos y críticos.<br/><br/>Características principales:<br/>Abarca matemática básica: fracciones, decimales, porcentajes y proporciones.<br/>Incluye información clave en la dosificación de medicamentos, como prevención de errores, identificación de abreviaturas complejas y lectura de etiquetas de medicamentos.<br/>Simplifica tópicos complejos y los explica de un modo sencillo a través de problemas de la vida real y centenares de ejemplos que ilustran técnicas para llevar a cabo cálculos complejos.<br/>Gráficos y ejercicios rápidos para reforzar el aprendizaje.<br/>Consejos para evitar errores graves en la dosificación de medicamentos.<br/>Consejos prácticos de profesionales con experiencia.<br/>Preguntas y respuestas razonadas al final de cada capítulo.<br/>Insertos a todo color que incluyen: seguridad del paciente mediante el uso de dispositivos de infusión, y la estructura habitual de las etiquetas de medicamentos.<br/>Apéndices que incluyen: preguntas y respuestas, conversiones, fórmulas, glosario de términos y definiciones clave.
650 #7 - SUBJECT ADDED ENTRY--TOPICAL TERM
Source of heading or term LEMB
Topical term or geographic name entry element Medicamentos -- Normas
700 1# - ADDED ENTRY--PERSONAL NAME
Personal name Mezzano, Gustavo
Relator term traductor
942 ## - ADDED ENTRY ELEMENTS (KOHA)
Source of classification or shelving scheme Dewey Decimal Classification
Koha item type Libros
Existencias
Withdrawn status Lost status Source of classification or shelving scheme Damaged status Not for loan Collection code Home library Current library Date acquired Inventory number Total Checkouts Full call number Barcode Date last seen Copy number Price effective from Koha item type
    Dewey Decimal Classification     Colección General Biblioteca UTECO Biblioteca UTECO 08/01/2022 021613   615.6 H341c 2018 021613 08/01/2022 Ej.1 08/01/2022 Libros
© 2021 Derechos Reservados UTECO - Teléfono: +1 809-585-2291 - Correo electrónico: biblioteca@uteco.edu.do​  
Código postal 43000 ​​
Dirección: Avenida Universitaria No. 100, 
Cotuí, Provincia Sánchez Ramírez, República Dominicana - RNC: 404-00059-6